Managing people at work : (Record no. 49302)

MARC details
000 -LEADER
fixed length control field 01036nam a22002657a 4500
005 - DATE AND TIME OF LATEST TRANSACTION
control field 20101220114345.0
008 - FIXED-LENGTH DATA ELEMENTS--GENERAL INFORMATION
fixed length control field 101220t xxu||||| |||| 00| 0 eng d
010 ## - LCCN (DPL NO)
LC control number ENG-101832
020 ## - INTERNATIONAL STANDARD BOOK NUMBER
International Standard Book Number 9788132105107
Terms of availability 695.00
035 ## - SYSTEM CONTROL NUMBER
System control number EN-85365
037 ## - SOURCE OF ACQUISITION
Source of stock number/acquisition DBAD/PUB
040 ## - CATALOGING SOURCE
Original cataloging agency dpl
Language of cataloging Eng
082 ## - DEWEY DECIMAL CLASSIFICATION NUMBER
Classification number 658.300954
100 ## - MAIN ENTRY--PERSONAL NAME
Personal name Das, Subesh
Dates associated with a name 1936-
9 (RLIN) 24941
245 ## - TITLE STATEMENT
Title Managing people at work :
Remainder of title employment relations in globalizing India /
Statement of responsibility, etc by Subesh Das
260 ## - PUBLICATION, DISTRIBUTION, ETC. (IMPRINT)
Place of publication, distribution, etc New Delhi
Name of publisher, distributor, etc SAGE Publications
Date of publication, distribution, etc 2010
270 ## - ADDRESS
Address B1/I-1 Mohan Cooperative Industrial Area Mathura Road
City New Delhi
Postal code 110044
300 ## - PHYSICAL DESCRIPTION
Extent xviii,245p.
Dimensions 23cm (Hb)
500 ## - GENERAL NOTE
General note Includes bibliographical references and index.
610 ## - SUBJECT ADDED ENTRY--CORPORATE NAME
9 (RLIN) 24942
650 ## - SUBJECT ADDED ENTRY--TOPICAL TERM
Topical term or geographic name as entry element Personnel management
Geographic subdivision India
9 (RLIN) 24943
650 ## - SUBJECT ADDED ENTRY--TOPICAL TERM
Topical term or geographic name as entry element Industrial relations
Geographic subdivision India
9 (RLIN) 24944
942 ## - ADDED ENTRY ELEMENTS (KOHA)
Source of classification or shelving scheme Dewey Decimal Classification
Item type English Books
Classification part 658.300954
Call number suffix DAS
Holdings
Withdrawn status Lost status Source of classification or shelving scheme Damaged status Not for loan Collection code Home library Current library Date acquired Source of acquisition Cost, normal purchase price Total Checkouts Full call number Barcode Date last seen Copy number Cost, replacement price Koha item type
    Dewey Decimal Classification   Not For Loan Non-fiction D.B.Act.Division D.B.Act.Division 20/12/2010 DBAD/PUB 695.00   658.300954 DAS EN-85365 20/12/2010 1 695.00 English Books

© Delhi Public Library
Hit Counter
free hit counter